Brazil Immigration By Country - Statistics

General Stats
  • This quiz has been taken 215 times
    141 since last reset
  • The average score is 28 of 35
Answer Stats
Total Country % Correct
227,380 Argentina
98%
29,600 United Kingdom
98%
33,100 Chile
97%
96,810 China
97%
212,850 Portugal
97%
101,940 Italy
95%
84,320 Paraguay
95%
41,010 Peru
95%
59,000 Spain
95%
113,960 United States
95%
81,040 Colombia
94%
42,870 France
94%
608,450 Venezuela
94%
67,450 Japan
93%
45,620 Mexico
93%
76,610 Germany
92%
188,760 Bolivia
91%
47,710 Uruguay
91%
10,690 Ecuador
90%
103,250 Russia
90%
52,760 India
89%
15,470 Poland
87%
36,460 South Korea
83%
39,960 Cuba
76%
13,150 Ukraine
76%
22,370 Angola
72%
205,660 Haiti
71%
35,580 Philippines
68%
17,270 Netherlands
67%
9,780 Greece
64%
21,650 Syria
56%
22,870 Lebanon
50%
14,470 Senegal
25%
9,300 Bulgaria
24%
11,260 Ghana
20%
No matching quizzes found
Score Distribution
Percent of People with Each Score
Percentile by Number Answered
Your Score History
You have not taken this quiz since the last reset